Visualizzazione normale
Vista MARC
- MEDITAZIONI [CASSETTE]
di Topical Term
Records bibliografici associati: 1
001 - CONTROL NUMBER
- control field: 23479
003 - CONTROL NUMBER IDENTIFIER
- control field: IT-RoPau
005 - DATE AND TIME OF LATEST TRANSACTION
- control field: 20140501214309.0
008 - FIXED-LENGTH DATA ELEMENTS
- fixed length control field: 140501|| aca||aabn | a|a d
040 ## - CATALOGING SOURCE
- Original cataloging agency: IT-RoPau
- Transcribing agency: IT-RoPau
150 ## - HEADING--TOPICAL TERM
- Topical term or geographic name entry element: MEDITAZIONI [CASSETTE]
- : Codice MATERIA SPICS: 9951
670 ## - SOURCE DATA FOUND
- Source citation: Work cat.: (IT-RoPau)100660: Laurentin René 23476, Marie dans la foi catholique. Sens pour la foi et la vie